000 00766nmc a2200289 a 4500
003 AR-BaBNM
005 20251128204632.0
008 257019s1985 ||||||||||||||000 | spa||
020 _a950-9316-11-3
040 _cAR-BaBNM
245 1 0 _aLa inmigración italiana en la Argentina
250 _a1ª ed.
260 _aBuenos Aires
_bBiblos
_c1985
300 _a270 p.
_btablas
490 0 _aHistoria. Mayor
650 4 _aMIGRACION DE PERSONAS
650 4 _aPROBLEMAS SOCIALES
650 4 _aPROBLEMAS DEMOGRAFICOS
650 4 _aMOVIMIENTO OBRERO
650 4 _aRECURSOS ECONOMICOS
651 4 _aItalia
651 4 _aArgentina
700 1 _aDevoto, Fernando J.
_ecompilador
700 1 _aRosoli, Gianfausto
_ecompilador
942 _cBK
998 _cCARMEN
999 _c8171
_d8171